Ratan Lal Law of Torts / (Record no. 616016)
[ view plain ]
| 000 -LEADER | |
|---|---|
| fixed length control field | 00304nam a22001217a 4500 |
| 082 ## - DEWEY DECIMAL CLASSIFICATION NUMBER | |
| Classification number | 346.03 |
| Author Mark | KAP |
| 100 ## - MAIN ENTRY--PERSONAL NAME | |
| Personal name | Kapoor, S.K. |
| 245 ## - TITLE STATEMENT | |
| Title | Ratan Lal Law of Torts / |
| Statement of responsibility, etc. | S.K. Kapoor |
| 260 ## - PUBLICATION, DISTRIBUTION, ETC. | |
| Place of publication, distribution, etc. | Lahore : |
| Name of publisher, distributor, etc. | Central Law Agency, |
| Date of publication, distribution, etc. | N.A. |
| 300 ## - PHYSICAL DESCRIPTION | |
| Extent | 250 p. ; |
| Dimensions | 24 cm. |
| 563 ## - BINDING INFORMATION | |
| Binding note | HB. |
| 942 ## - ADDED ENTRY ELEMENTS (KOHA) | |
| Source of classification or shelving scheme | |
| Koha item type | Book |
| Withdrawn status | Lost status | Source of classification or shelving scheme | Damaged status | Not for loan | Permanent Location | Current Location | Date acquired | Source of acquisition | Total Checkouts | Full call number | Barcode | Checked out | Date last seen | Date last checked out | Price effective from | Koha item type |
|---|---|---|---|---|---|---|---|---|---|---|---|---|---|---|---|---|
| NUST Law School (NLS) | NUST Law School (NLS) | 02/02/2026 | Donated by Fahad Hashmi Account Officer S3H & NLS | 1 | 346.03 KAP | NLSD-409 | 04/02/2026 | 03/03/2026 | 03/03/2026 | 02/02/2026 | Book |
